1740 1712 1554 1533 1956 1468 1547 1281 1705 1652 1325 1891 1958 1825 1145 1207 1205 1896 1285 1755 1965 1816 1628 1604 1451 1761 1175 1145 1429 1619 1462 1459 1745 1426 1783 1270 1403 1259 1183 1363 1119 1410 1775 1428 1526 1778 1872 1655 1591 1647 1262 1120 1003 1697 1243 1822 1184 1657 1787 1163 1130 1301 1178 1619 1037 1142 1182 1966 1643 1372 1723 1248 1425 1866 1990 1526 1970 1121 1784 1917 1005 1120 1322 1374 1749 1851 1941 1377 1004 1577 1270 1113 1930 1387 1976 1534 1363 1169 1741 BCNSPRNW ULIB Ver.6.0+V

เปลี่ยนเป็นภาษาไทย

Change to English
 แสดงรายละเอียดบรรณานุกรม
  กลับหน้าหลัก

Brief Record : Get Marc (ISO 2709) : E-mail record : QR code < ปิดหน้าต่าง
LEADER : 00000nam 2200000uu 4500
001    13399124183
003     ULIB
008    150123s2556||||th 000 0 tha d
020    ^a9786167639079
050  4 ^aHA62^bส761ก
100  0 ^aสุชาติ ประสิทธิ์รัฐสินธุ์.
245  1 ^aการใช้สถิติในงานวิจัยอย่างถูกต้องและได้มาตรฐานสากล =^bApplications of statistical methods in research /^cสุชาติ ประสิทธิรัฐสินธุ์.
246  3 ^aApplications of statistical methods in research
250    ^aพิมพ์ครั้งที่ 6.
260    ^aกรุงเทพฯ :^bสามลดา,^c2556.
300    ^axxi, 445 หน้า ;^c26 ซม.
650  7 ^aคณิตศาสตร์สถิติ.
650  7 ^aวิจัย.
650  7 ^aสถิติ.
650  7 ^aสถิติวิเคราะห์.
945    ^p700^l0^i038863
945    ^p700^l0^i038864
945    ^p700^l0^i038865
945    ^p700^l0^i038866
999    ^aเกษร โพธิ์สุวรรณ
รายการนี้ยังไม่มีแท็ก
คุณยังไม่ได้ล็อกอิน คุณสามารถมีกิจกรรมร่วมกับเว็บไซต์ได้ แต่ต้องล็อกอินก่อน ::
  ล็อกอิน

รายการสื่อสารสนเทศ

ลำดับที่ ประเภท เลขเรียก/บาร์โค้ด สถานที่ สถานะ
1. วิทยาศาสตร์การแพทย์ และสุขภาพ
หนังสือสำรอง
สถานะ=หนังสือสำรอง
HA62 ส761ก ฉ.1 
  Barcode: 038863
ห้องสมุดวิทยาเขตสวรรค์ประชารักษ์
►หนังสือทั่วไป
บนชั้น
2. วิทยาศาสตร์การแพทย์ และสุขภาพ
วิทยาศาสตร์การแพทย์ และสุขภาพ
HA62 ส761ก ฉ.2 
  Barcode: 038864
ห้องสมุดวิทยาเขตสวรรค์ประชารักษ์
►หนังสือทั่วไป
ถูกยืม กำหนดส่งวันที่ 1 มกราคม 2569
  จอง
3. วิทยาศาสตร์การแพทย์ และสุขภาพ
วิทยาศาสตร์การแพทย์ และสุขภาพ
HA62 ส761ก ฉ.3 
  Barcode: 038865
ห้องสมุดวิทยาเขตสวรรค์ประชารักษ์
►หนังสือทั่วไป
บนชั้น
4. วิทยาศาสตร์การแพทย์ และสุขภาพ
วิทยาศาสตร์การแพทย์ และสุขภาพ
HA62 ส761ก ฉ.4 
  Barcode: 038866
ห้องสมุดวิทยาเขตสวรรค์ประชารักษ์
►หนังสือทั่วไป
บนชั้น

รายการใกล้เคียง
    ผู้แต่ง [สุชาติ ประสิทธิ์รัฐสินธุ์.]

    หัวเรื่อง [คณิตศาสตร์สถิติ.]
    หัวเรื่อง [วิจัย.]
    หัวเรื่อง [สถิติ.]
    หัวเรื่อง [สถิติวิเคราะห์.]

BibComment


ยังไม่เคยถูกคอมเมนท์

คอมเมนท์ทรัพยากรรายการนี้
  คอมเมนท์: การใช้สถิติในงาน..


 Copyright 2026. Bcnsprnw @Library